banner-ar

العراق فى عهد الحجاج بن يوسف الثقفى / (Record no. 60069)

MARC details
000 -الفاتح
حقل البيانات ثابتة الطول 00943nam a2200241 4500
005 - وقت وتاريخ اخر تعامل مع التسجيلة
رقم الضبط 20240530110351.0
008 - عناصر البيانات ثابتة الطول - معلومات عامة
حقل البيانات ثابتة الطول 141223s2005 ua g b 001 0 ara d
040 ## - مصدر الفهرسة
وكالة الفهرسة الأصلية EG-CaGPL
041 0# - رمز اللغة
رمز لغة النص/ المسارات الصوتية أو العنوان الانفرادي ara
082 04 - رقم تصنيف ديوى العشرى
رقم الطبعة 21
رقم التصنيف 953.03\
رقم المادة ع ع
100 0# - المدخل الرئيسى - إسم شخصى
الإسم الشخصى عبدالواحد ذنون طه
245 12 - بيان العنوان
العنوان العراق فى عهد الحجاج بن يوسف الثقفى /
بيان المسئوليه,etc عبدالواحد ذنون طه
246 1# - العنوان الموازى
عنوان صحيح/عنوان مختصر IRAQ UNDER AL - Hajjaj Ibn Yusuf al - Thaqafi
250 ## - بيان الطبعة
بيان الطبعة ط 2
260 ## - PUBLICATION, DISTRIBUTION, ETC. (IMPRINT)
تاريخ النشر أو التوزيع 2005
300 ## - الوصف المادى
التعداد 302 ص ؛
أبعاد الوعاء 24 سم
504 ## - تبصرة ببليوجرافية
تبصرة ببليوجرافية,الخ ببليوجرافية : ص 300 - 302
600 04 - المدخل الاضافى بالموضوع-اسم شخصى
الإسم الشخصى الحجاج بن يوسف الثقفى
650 04 - المدخل الاضافى بالموضوع-مصطلح موضوعى
مصطلح موضوعي التاريخ الاسلامى
651 ## - المدخل الاضافى بالموضوع - اسم جغرافى
الاسم الجغرافي العراق
التقسيم الفرعي العام تاريخ
-- ولاية الحجاج بن يوسف الثقفى
التقسيم الفرعي الزمني العصر الاسلامى
942 ## - عناصر المدخل الإضافي( كوها)
مصدر التصنيف او مخطط الترفيف Dewey Decimal Classification
Koha [default] item type كتاب
260 ## - PUBLICATION, DISTRIBUTION, ETC. (IMPRINT)
-- بيروت :
-- الدار العربية للموسوعات ،
Holdings
حالة التراجع حالة الفقد حالة تلف ليس للاعارة المكان المؤقت الموقع الحالى تاريخ الاكتساب اجمالي اﻻعارات رقم الطلب الباركود تاريخ اخر مشاهدة تاريخ تفعيل السعر نوع وعاء كوها
        مكتبة القاهرة الكبرى مكتبة القاهرة الكبرى 12/23/2014   953.03\ ع ع 159057 12/23/2014 12/23/2014 كتاب

Powered By

EGPV